000 00832nas a2200289 4500
001 BR2015006194
003 BR-BrBNA
005 20231205125843.0
007 ta
008 230509b bl.|||p| |||| 00| 00por d
040 _aBR-BrBNA
_bpor
_cBiblioteca Nacional de Agricultura
041 _a(Pt)
072 _aK50
100 1 _aPolzl, W.B.
100 1 _aSantos, A.J. dos
100 1 _aBerger, R.
100 1 _aGraça, L.R.
100 1 _aPolzl, P.K.
245 1 _aEficiência econômica do segmento da madeira compensada no Estado do Paraná
650 _aFLORESTA
650 _aECONOMIA FLORESTAL
650 _aMADEIRA
650 _aCOMPENSADO
773 0 _tFloresta (Brazil)
_xISSN 0015-3826
_g(May- Aug 2003), v. 33(2) p. 147-155
_wBR2015006194
909 _a202311
_bLúcia
_c55
_dLúcia Elande
942 _2AGRIS
_n0
_cANA
999 _c246525
_d246525